|
|
|
|
| LEADER |
00000cam a2200000 a 4500 |
| 001 |
3150 |
| 005 |
20230308160317.0 |
| 008 |
000000|1852 ||||||||r|||||||||||spa|| |
| 040 |
|
|
|b spa
|
| 041 |
a |
|
|a Inglés
|
| 082 |
0 |
|
|a 720
|
| 100 |
1 |
|
|a Shaw, Edward
|9 17505
|
| 245 |
|
|
|a Civil architecture: being a complete theoretical and practical system of building. Containing the fundamental principles of the art
|c Edward Shaw
|h imp
|
| 264 |
|
|
|a Boston
|b Published by John páginas: Jewett and Company
|c 1852
|
| 300 |
|
|
|a 293 páginas:
|b ilu
|c 28 cm
|
| 504 |
|
|
|a incl. ref.
|
| 650 |
1 |
|
|a Arquitectura civil
|9 17319
|
| 852 |
|
|
|a UC-CDJBV
|c ESTANTERIA CERRADA
|f Compra
|k margarita.gutierrez
|l 1
|m Limitada
|p 00000000
|q 6,00
|t 3150
|b 1
|d CDRC
|e CDRC
|g 720 ESTANTERIA CERRADA
|z 0000-00-00
|
| 942 |
|
|
|c BK
|
| 999 |
|
|
|c 9954
|d 9954
|